书目信息 |
| 题名: |
邵飘萍
|
|
| 作者: | 方汉奇 , 罗章龙 著 | |
| 分册: | ||
| 出版信息: | 北京 中国文史出版社 2020 |
|
| 页数: | 267页 | |
| 开本: | 24cm | |
| 丛书名: | 百年中国记忆·报人系列 | |
| 单 册: | ||
| 中图分类: | K825.42 | |
| 科图分类: | ||
| 主题词: | ||
| 电子资源: | ||
| ISBN: | 978-7-5205-1259-6 | |
| 000 | 01208oam2 2200277 450 | |
| 001 | 2160501268 | |
| 005 | 20210926145257.0 | |
| 010 | @a978-7-5205-1259-6@dCNY52.00 | |
| 100 | @a20200116d2020 em y0chiy50 ea | |
| 101 | 0 | @achi |
| 102 | @aCN@b110000 | |
| 105 | @ay z 000yd | |
| 106 | @ar | |
| 200 | 1 | @a邵飘萍@Ashao piao ping@e铁肩担道义,辣手著文章@f方汉奇,罗章龙著 |
| 210 | @a北京@c中国文史出版社@d2020 | |
| 215 | @a267页@d24cm | |
| 225 | 2 | @a百年中国记忆·报人系列@Abai nian zhong guo ji yi bao ren xi lie@f刘未鸣,韩淑芳主编 |
| 330 | @a本书由邵飘萍的挚友、亲人撰写的回忆性文章集纳而成,详尽地记叙了邵飘萍的生平事迹和新闻历史上的贡献。具体要内容包括:生平传略:壮志未酬身世了,哀极天涯;以笔为枪:飘萍一支笔,抵过十万军;赤诚丹心:铁肩担道义,辣手著文章;深情追忆:莫放春秋佳日去,最难风雨故人来等。 | |
| 461 | 0 | @12001 @a百年中国记忆·报人系列 |
| 517 | 1 | @a铁肩担道义,辣手著文章@Atie jian dan dao yi la shou zhu wen zhang |
| 600 | 0 | @a邵飘萍@Ashao piao ping@f(1884-1926)@x生平事迹 |
| 690 | @aK825.42@v5 | |
| 701 | 0 | @a方汉奇@Afang han qi@f(1926.12-)@4著 |
| 701 | 0 | @a罗章龙@Aluo zhang long@f(1896-1995)@4著 |
| 801 | 0 | @aCN@b百万庄@c20210926 |
| 905 | @b1300415-18@dK825.42@e1424@f4 | |
| 邵飘萍:铁肩担道义,辣手著文章/方汉奇,罗章龙著.-北京:中国文史出版社,2020 |
| 267页;24cm.-(百年中国记忆·报人系列/刘未鸣,韩淑芳主编) |
| ISBN 978-7-5205-1259-6:CNY52.00 |
| 本书由邵飘萍的挚友、亲人撰写的回忆性文章集纳而成,详尽地记叙了邵飘萍的生平事迹和新闻历史上的贡献。具体要内容包括:生平传略:壮志未酬身世了,哀极天涯;以笔为枪:飘萍一支笔,抵过十万军;赤诚丹心:铁肩担道义,辣手著文章;深情追忆:莫放春秋佳日去,最难风雨故人来等。 |
| ● |
| 相关链接 |
|
|
|
|
正题名:邵飘萍
索取号:K825.42/1424
 
预约/预借
| 序号 | 登录号 | 条形码 | 馆藏地/架位号 | 状态 | 备注 |
| 1 | 1300415 | 213004158 | 第二样本阅览室/ [索取号:K825.42/1424] | 在馆 | |
| 2 | 1300416 | 213004167 | 第二借阅区/ [索取号:K825.42/1424] | 在馆 | |
| 3 | 1300417 | 213004176 | 第二借阅区/ [索取号:K825.42/1424] | 在馆 | |
| 4 | 1300418 | 213004185 | 第二借阅区/ [索取号:K825.42/1424] | 在馆 |